स्नेहांकित ( RC) (Record no. 434657)

MARC details
000 -LEADER
fixed length control field 00465nam a2200157Ia 4500
008 - FIXED-LENGTH DATA ELEMENTS--GENERAL INFORMATION
fixed length control field 100122s9999 xx 000 0 und d
082 ## - DEWEY DECIMAL CLASSIFICATION NUMBER
Item number 58953
Classification number 808.6
100 ## - MAIN ENTRY--PERSONAL NAME
Personal name शेवते अरुण
245 ## - TITLE STATEMENT
Title स्नेहांकित ( RC)
250 ## - EDITION STATEMENT
Edition statement 0
260 ## - PUBLICATION, DISTRIBUTION, ETC. (IMPRINT)
Name of publisher, distributor, etc औदुंबर प्रकाशन
Date of publication, distribution, etc 2000
300 ## - PHYSICAL DESCRIPTION
Extent 148
630 ## - SUBJECT ADDED ENTRY--UNIFORM TITLE
Uniform title स्नेहांकित ( RC)
730 ## - ADDED ENTRY--UNIFORM TITLE
Uniform title स्नेहांकित ( RC)
942 ## - ADDED ENTRY ELEMENTS (KOHA)
Koha item type Book
Holdings
Withdrawn status Lost status Damaged status Not for loan Home library Current library Date acquired Cost, normal purchase price Total Checkouts Full call number Barcode Date last seen Cost, replacement price Price effective from Koha item type Public note
        S.V. Pathak Library, Vile Parle S.V. Pathak Library, Vile Parle 12/26/2000 150.00   58953 SVPPARLE-58953 01/25/2010 150.00 01/25/2010 Book बदलीची प्रत Edited NA